| 000 | 01415cam a22003257a 4500 | ||
|---|---|---|---|
| 001 | 16417959 | ||
| 005 | 20110518144054.0 | ||
| 008 | 100816s2011 enk b 001 0 eng | ||
| 010 | _a 2010032360 | ||
| 020 | _a0230216846 | ||
| 020 | _a9780230216846 | ||
| 040 |
_aDLC _cDLC _dYDX _dYDXCP _dNLE _dCDX _dDLC |
||
| 082 | 0 | 0 |
_a306.4812 _222 _bPOL |
| 245 | 0 | 4 |
_aThe New Politics of Leisure and Pleasure / _cedited by Peter Bramham and Stephen Wagg. |
| 260 |
_aHoundsmill, Basingstoke, Hampshire ; _aNew York : _bPalgrave Macmillan, _c2011. |
||
| 300 |
_aix, 280 p. ; _c22 cm. |
||
| 504 | _aIncludes bibliographical references and index. | ||
| 650 | 0 |
_aLeisure. _928541 |
|
| 650 | 0 |
_aLeisure _xSocial aspects. _928542 |
|
| 650 | 0 |
_aPleasure. _928543 |
|
| 653 |
_bEco _cFebruary2012 |
||
| 700 | 1 |
_aBramham, Peter. _928544 |
|
| 700 | 1 |
_aWagg, Stephen. _928545 |
|
| 856 | 4 | 2 |
_3Contributor biographical information _uhttp://www.loc.gov/catdir/enhancements/fy1110/2010032360-b.html |
| 856 | 4 | 2 |
_3Publisher description _uhttp://www.loc.gov/catdir/enhancements/fy1110/2010032360-d.html |
| 856 | 4 | 1 |
_3Table of contents only _uhttp://www.loc.gov/catdir/enhancements/fy1110/2010032360-t.html |
| 942 |
_2ddc _cBB |
||
| 999 |
_c16370 _d16370 |
||